000 01911nam0a2200385 4500
001 RU\NLR\bibl\85055
005 20250616110011.0
010 _a5-89144-087-3
_91500
021 _aRU
_b1999-48993
_92432
035 _a(NLR Aleph) 000083071
090 _a463303
_c463303
100 _a20000511d1999 |||y0rusy50 ca
101 0 _arus
102 _aRU
105 _aa |||||||||
200 1 _aТехнология бизнеса
_eУчеб. для вузов, шк. бизнеса и бизнесменов
_f[С.Б. Исмуратов, И.Я. Петренко, С.А. Пикулев, Е.И. Чивилихин]
_gПод ред. д.э.н. Е.И. Чивилихина
210 _aМ.
_cСфера
_d1999
215 _a636 с.
_cил.
_d22
225 1 _aУчебник и учебные пособия для студентов высших учебных заведений, школ бизнеса и бизнесменов
320 _aБиблиогр.: с. 633-636
606 0 _aПредпринимательство
_jРуководства, пособия и т.п. для высшей школы
_91161265
_3RU\NLR\auth\66147005
606 0 _aПредпринимательство
_jУчебные издания для высшей школы
_91161265
_3RU\NLR\auth\66147005
686 _aУ5-13я73
701 1 _aИсмуратов
_bС. Б.
_gСабит Борисович
_4070
701 1 _aПетренко
_bИ. Я.
_gИван Яковлевич
_4070
701 1 _aПикулев
_bС. А.
_gСергей Анатольевич
_4070
701 1 _aЧивилихин
_bЕ. И.
_gЕвгений Иванович
_4070
702 1 _aЧивилихин
_bЕ. И.
_gЕвгений Иванович
_4340
801 0 _aRU
_bNLR
_c20000511
_gPSBO
801 1 _aRU
_bNLR
_c20000511
830 _aАвт. по кн.
852 _aNLR
_j2000-5/657
942 _cBOOK
980 _aNB